| 000 | 02156nam a2200385 a 4500 | ||
|---|---|---|---|
| 001 | 000013480 | ||
| 003 | DO-SdBNP | ||
| 005 | 20250502073819.0 | ||
| 007 | ta | ||
| 008 | 091125s1985 dr 001 0 spa d | ||
| 040 |
_aDO-SdBNP _bspa _cBNPHU |
||
| 082 | 4 |
_a347.7293013 _bR426L, 1985 _222 |
|
| 110 | 1 |
_aRepública Dominicana. _bOficina Nacional de Administración y Personal _926398 |
|
| 240 | 1 | 0 | _a[Leyes, etc.] |
| 245 | 1 | 0 |
_aLey de organización judicial : _bApéndice : Ley que crea el Colegio de Abogados de la República; estatuto orgánico, y código de ética del Colegio de Abogado de la República Dominicana; Reglamentos del Colegio de Abogados relativos a : seguro de vida; servicios médicos; plan de retiro, pensiones y auxilios especiales / _cpresentación Manuel Berges Chupani. |
| 250 | _a2a. ed. | ||
| 260 |
_aSanto Domingo : _bONAP, _c1985. |
||
| 300 |
_a183 p. ; _c22 cm. |
||
| 490 | 1 |
_aLeyes y códigos dominicanos _v 3 |
|
| 490 | 1 | _aONAP | |
| 500 | _aApéndice : Ley que crea el Colegio de Abogados de la República; estatuto orgánico, y código de ética del Colegio de Abogado de la República Dominicana; reglamentos del Colegio de Abogados relativos a : seguro de Vida; Servicios médicos; plan de retiro, pensiones y auxilios especiales. | ||
| 500 | _aTitulo en el lomo: Ley de organización judicial y apéndice. | ||
| 500 | _a"Apéndice: Ley que crea el Colegio de Abogados de la República, Estatuto orgánico y Código de ética del Colegio de Abogados de la República Dominicana ; Reglamentos del Colegio de Abogados relativos a: Seguro de vida; Servicios médicos; Pan de retiro, Pensiones y Auxilios especiales¨. | ||
| 590 | _aInventariado, 2022/MFF | ||
| 650 | 4 |
_aLegislacion judicial _930795 |
|
| 650 | 4 |
_aPoder judicial _xLegislación _930796 |
|
| 651 | 4 |
_aRepública Dominicana _xLeyes _916541 |
|
| 651 | 4 |
_aRepública Dominicana _xLey 821 _930801 |
|
| 700 | 1 |
_aBergés Chupani, Manuel _98440 |
|
| 740 | 0 | _aLey de organización judicial y apéndice. | |
| 830 | 0 |
_aleyes y códigos dominicanos _v3 _930802 |
|
| 830 |
_aONAP _910860 |
||
| 910 | _aValidado. Control de calidad | ||
| 942 |
_2ddc _cLBS1 |
||
| 999 |
_c13104 _d13104 |
||